Crisis de la república
Gorde:
| Egile nagusia: | |
|---|---|
| Formatua: | Liburua |
| Hizkuntza: | gaztelania |
| Argitaratua: |
Madrid
Taurus
1973
|
| Saila: | Ensayistas
|
| Gaiak: | |
| Etiketak: |
Etiketa erantsi
Etiketarik gabe, Izan zaitez lehena erregistro honi etiketa jartzen!
|
MARC
| LEADER | 00000nam a2200000 a 4500 | ||
|---|---|---|---|
| 001 | UCX9013 | ||
| 003 | CL-VaPUC | ||
| 008 | 940511e19730000SP |||||||||||||||||spa|d | ||
| 082 | 0 | 4 | |a 320.01 |b ARE |2 21 |
| 100 | 0 | |a Arendt, Hannah |e author |9 326294 | |
| 245 | 1 | 0 | |a Crisis de la república |
| 300 | |a 234 p | ||
| 942 | |c BK | ||
| 945 | |d 19940511 00:00:00 |a rbrito | ||
| 260 | |a Madrid |b Taurus |c 1973 | ||
| 650 | 0 | |a República |9 310048 | |
| 650 | 0 | |a Aspectos filosóficos |9 265456 | |
| 650 | 7 | |a FILOSOFIA POLITICA |2 CL-VaPUC |9 326295 | |
| 583 | |a last modification |c 20121001 09:51:52 |k Rodrigo Vera | ||
| 490 | 0 | |a Ensayistas | |
| 999 | |c 228370 |d 228368 | ||
| 952 | |0 0 |1 0 |4 0 |6 320_010000000000000_ARE_1973 |7 0 |8 A |9 228355 |a BIBART |b BIBART |d 2019-11-15 |i 2976986 |o 320.01 ARE 1973 |p 2976986 |r 2025-03-13 |w 2019-11-15 |y BK |k ART | ||
| 952 | |0 0 |1 0 |4 0 |6 320_010000000000000_ARE_1973 |7 0 |8 A |9 228356 |a BIBHIS |b BIBHIS |d 2019-11-15 |i 1332376 |o 320.01 ARE 1973 |p 1332376 |r 2025-01-20 |w 2019-11-15 |y BK |k HIS | ||
| 952 | |0 0 |1 0 |4 0 |6 320_010000000000000_ARE_1973 |7 0 |8 A |9 228357 |a BIBHIS |b BIBHIS |d 2019-11-15 |i 1332384 |o 320.01 ARE 1973 |p 1332384 |r 2025-01-20 |w 2019-11-15 |y BK |k HIS | ||
| 952 | |0 0 |1 0 |4 0 |6 320_010000000000000_ARE_1973 |7 0 |8 A |9 228358 |a BIBHIS |b BIBHIS |d 2019-11-15 |i 357430K |o 320.01 ARE 1973 |p 357430K |r 2025-01-20 |w 2019-11-15 |y BK |k HIS | ||
| 952 | |0 0 |1 0 |4 0 |6 320_010000000000000_ARE_1973 |7 0 |8 A |9 228359 |a BIBHIS |b BIBHIS |d 2019-11-15 |i 3848493 |o 320.01 ARE 1973 |p 3848493 |r 2025-01-20 |w 2019-11-15 |y BK |k HIS | ||